000
00293nam a22001337a 4500
020
_a
81-7862-545-8
082
_a
001
_b
CHA/E
100
_a
CHATTOPADHYAY, DEEPANWITA
245
_a
EXPERIMENT WITH MOTION
260
_a
DELHI
_b
STERLING PRESS
300
_a
32
650
_a
GK
_z
DELHI
942
_c
BK
999
_c
6402
_d
6402